[Event "ROM-ch U20"]
[Site "Eforie Nord"]
[Date "2022.04.13"]
[Round "4"]
[White "Chipaila, Cristian Florin"]
[Black "Ghimpu, Samuel Timotei"]
[Result "0-1"]
[WhiteElo "1596"]
[BlackElo "2429"]
[PlyCount "58"]
[EventDate "2022.04.11"]
[EventType "tourn"]
[EventRounds "9"]
[EventCountry "ROU"]
[SourceTitle "EXT 2023"]
[Source "ChessBase"]
[SourceDate "2022.10.05"]
[SourceVersion "1"]
[SourceVersionDate "2022.10.05"]
[SourceQuality "1"]

1. d4 Nf6 2. Bf4 d5 3. e3 c5 4. dxc5 e6 5. b4 a5 6. c3 Bd7 7. Nf3 axb4 8. cxb4 b6 9. Qc1 bxc5 10. bxc5 Qa5+ 11. Nbd2 Bxc5 12. Be2 Ba3 13. Qc7 Qxc7 14. Bxc7 Nc6 15. Rb1 Bb4 16. Bb5 Rxa2 17. Bxc6 Bxd2+ 18. Nxd2 Bxc6 19. Rb8+ Kd7 20. Rxh8 Kxc7 21. Nb3 Bb5 22. Rf8 Ne4 23. Rxf7+ Kd6 24. Nc1 Rc2 25. Kd1 Ba4 26. Ra7 Nc3+ 27. Ke1 Rxc1+ 28. Kd2 Rxh1 29. Kxc3 Bd7 0-1

[Event "ROM-ch U20"]
[Site "Eforie Nord"]
[Date "2022.04.12"]
[Round "2"]
[White "Chipaila, Cristian Florin"]
[Black "Nastore, Pavel Alexandru"]
[Result "1/2-1/2"]
[WhiteElo "1596"]
[BlackElo "2317"]
[PlyCount "85"]
[EventDate "2022.04.11"]
[EventType "tourn"]
[EventRounds "9"]
[EventCountry "ROU"]
[SourceTitle "EXT 2023"]
[Source "ChessBase"]
[SourceDate "2022.10.05"]
[SourceVersion "1"]
[SourceVersionDate "2022.10.05"]
[SourceQuality "1"]

1. d4 Nf6 2. Bf4 d5 3. e3 c5 4. c3 Nc6 5. Nd2 e6 6. Ngf3 cxd4 7. exd4 Nh5 8. Be3 Bd6 9. Ne5 Nf6 10. f4 Qb6 11. Qb3 Nd7 12. Bb5 Bxe5 13. fxe5 Ndxe5 14. Bf4 Ng6 15. Bd6 a6 16. Ba4 Qxb3 17. Bxc6+ bxc6 18. axb3 Kd7 19. Bg3 f6 20. 0-0 Ke7 21. b4 e5 22. dxe5 fxe5 23. Nf3 e4 24. Ng5 Be6 25. Ra5 Rhf8 26. Nxh7 Rxf1+ 27. Kxf1 Kd7 28. Ng5 Bg8 29. Ke2 Ne7 30. Be5 g6 31. g4 Be6 32. h3 Nc8 33. Ra1 Nd6 34. b3 Bg8 35. Rf1 a5 36. Ra1 Nb7 37. Ke3 c5 38. Bg3 Kc6 39. Be1 Ra7 40. h4 Kb5 41. c4+ dxc4 42. bxc4+ Bxc4 43. bxa5 1/2-1/2

[Event "ROM-ch U20"]
[Site "Mamaia"]
[Date "2021.04.07"]
[Round "1"]
[White "Calin, Alexandru"]
[Black "Chipaila, Cristian Florin"]
[Result "1-0"]
[WhiteElo "2107"]
[BlackElo "1577"]
[PlyCount "45"]
[EventDate "2021.04.07"]
[EventType "swiss"]
[EventRounds "9"]
[EventCountry "ROU"]
[SourceTitle "EXT 2022"]
[Source "ChessBase"]
[SourceDate "2021.10.06"]
[SourceVersion "1"]
[SourceVersionDate "2021.10.06"]
[SourceQuality "1"]

1. d4 Nf6 2. Bg5 g6 3. Bxf6 exf6 4. e3 Bg7 5. g3 0-0 6. Bg2 f5 7. c4 d6 8. Ne2 Nd7 9. Nbc3 Nf6 10. 0-0 Bd7 11. Qd3 Rb8 12. b4 Bc6 13. d5 Bd7 14. Rfd1 Qe7 15. Rac1 Rfe8 16. Nd4 Ne4 17. Nce2 a6 18. Qa3 h5 19. c5 h4 20. c6 bxc6 21. Nxc6 Bxc6 22. Rxc6 hxg3 23. hxg3 1-0

[Event "ROM-ch U18"]
[Site "Calimanesti Caciulata"]
[Date "2019.04.15"]
[Round "1"]
[White "Chipaila, Cristian Florin"]
[Black "Bobocea, Laurentiu Vlad"]
[Result "0-1"]
[WhiteElo "1469"]
[BlackElo "2021"]
[PlyCount "114"]
[EventDate "2019.04.15"]
[EventType "swiss"]
[EventRounds "9"]
[EventCountry "ROU"]
[SourceTitle "CBM 190 Extra"]
[Source "ChessBase"]
[SourceDate "2019.07.15"]
[SourceVersion "1"]
[SourceVersionDate "2019.07.15"]
[SourceQuality "1"]

1. d4 d5 2. c4 c6 3. Nc3 Nf6 4. Bf4 a6 5. cxd5 cxd5 6. e3 Nc6 7. a3 Bg4 8. Be2 Bxe2 9. Qxe2 e6 10. Nf3 Be7 11. 0-0 0-0 12. Ne5 Rc8 13. Nxc6 Rxc6 14. Rac1 Qa5 15. Qd3 Rfc8 16. Ne2 b5 17. Bg5 Qc7 18. Rxc6 Qxc6 19. Bxf6 gxf6 20. Nc3 Qc4 21. Qxc4 bxc4 22. h3 Rb8 23. Na4 Kf8 24. f3 Rb3 25. Kf2 f5 26. Rc1 Bf6 27. Rc2 f4 28. Nc3 fxe3+ 29. Kxe3 Ke7 30. f4 Kd6 31. Rd2 Bd8 32. Ke2 Ba5 33. a4 Bxc3 34. bxc3 Rxc3 35. Rb2 Kc7 36. a5 Ra3 37. f5 Rxa5 38. fxe6 fxe6 39. Ke3 Rb5 40. Rf2 Rb3+ 41. Kf4 Kd6 42. Ra2 Rd3 43. Rxa6+ Ke7 44. Ke5 Re3+ 45. Kf4 Re4+ 46. Kf3 h5 47. Rc6 Rxd4 48. Ke3 Rd3+ 49. Ke2 h4 50. Rc7+ Kf6 51. Rh7 Rd4 52. Ke3 Re4+ 53. Kd2 Ke5 54. Rh5+ Kd4 55. Rh8 e5 56. Rh5 c3+ 57. Kd1 Kd3 0-1